000 00935cam a22002652 4500
999 _c3032
_d3032
003 UkOxU
005 20210809115423.0
008 800731s1980 enka 000 0 eng d
020 _a0632005327
040 _cALUPE UNIVERSITY
050 _aRT65
_b.E4 1980
060 0 _aWY 161
_bE47g 1980
090 _aRD99
_b.G46 1980
100 1 _aEllis, Harold,
_d1926-
245 1 0 _aGeneral surgery for nurses /
_cHarold Ellis, Christopher Wastell, including contributions by Paul Aichroth, E. H. Miles Foxen, Patrick D. Trevor-Roper.
250 _a2d ed.
260 _aOxford :
_bBlackwell Scientific Publications ; St. Louis : distributor, USA, Blackwell Mosby Book Distributors,
_c1980.
300 _a584 p. :
_bill.
650 2 _aSurgery
_xnurses' instruction.
650 0 _aSurgical nursing.
650 0 _aSurgery.
700 1 _aWastell, Christopher.
942 _2lcc
_cBK
_nPW